| 000 | 00850nam a2200229 4500 | ||
|---|---|---|---|
| 001 | 126473 | ||
| 003 | ES-MaACL | ||
| 005 | 20230906192827.0 | ||
| 007 | t| | ||
| 008 | 070214s1987 sp r ||||1| spa d | ||
| 110 | 1 |
_aComunidades Europeas. _t[Leyes, etc.] _93144 |
|
| 245 | 1 | 0 | _aRepertorio de la legislación comunitaria vigente. |
| 250 | _a9ª ed. | ||
| 260 |
_aLuxemburgo : _bOficina de Publicaciones Oficiales de las Comunidades Europeas, _c1987. |
||
| 300 |
_a2 v. ; _c30 cm. |
||
| 490 | 1 | _aDiario Oficial de las Comunidades Europeas | |
| 505 | 8 | _aContiene: v. I: Repertorio analítico ---- v. II: Indice cronológico ; Indice alfabético | |
| 740 | 0 | _aDiario Oficial de las Comunidades Europeas. | |
| 830 | 0 |
_aDiario Oficial de las Comunidades Europeas _9186674 |
|
| 852 |
_aES-MaACL _jC-2281-2 _bR.114252 |
||
| 999 |
_c126473 _d126473 |
||